000 00953cam a2200277 a 4500
001 15537997
003 EG-ScBUE
005 20221212112731.0
008 081121s2008 gw a f 001 0 eng d
020 _a9783938780565
040 _aDLC
_beng
_erda
_cDLC
_dEG-ScBUE
043 _an------
_anc-----
_acc-----
_as------
082 0 4 _222
_a720.973
_bARC
245 0 0 _a1000 x Architecture of the Americas /
_c[Editor in chief, Michelle Galindo].
246 1 8 _aNorth America, Central America, Caribbean, South America
264 _a[Berlin] :
_bBraun,
_c2008.
300 _a1022 pages :
_bcolor illustrations ;
_c34 cm
500 _aIncludes index.
650 7 _aArchitecture
_zAmerica
_xHistory
_y21st century
_vPictorial works.
_2BUEsh
_912982
651 _2BUEsh
653 _bENGARC
655 _vReading book
700 1 _aGalindo, Michelle,
_eeditor.
_912983
942 _2ddc
_cBB
999 _c13751
_d13751